| 000 | 00484nam a2200133Ia 4500 | ||
|---|---|---|---|
| 008 | 170516s9999 xx 000 0 und d | ||
| 245 | _aLife-threatening MRSA sepsis with bilateral pneumonia, osteomyelitis, and septic arthritis of the knee in a previously healthy 13-year-old boy: a case report | ||
| 260 | _bActa Radiologica Open | ||
| 260 | _c2016 | ||
| 300 | _a5:10 | ||
| 650 | _xRadiologic Technology | ||
| 650 | _xRadtech | ||
| 856 | _uhttp://journals.sagepub.com/toc/arrb/5/10 | ||
| 999 |
_c332569 _d332569 |
||